| 000 | 00687cam a2200145 4500500 | ||
|---|---|---|---|
| 005 | 20260208002341.0 | ||
| 041 | _afre | ||
| 042 | _adc | ||
| 100 | 1 | 0 |
_aMasset, Claude _eauthor |
| 245 | 0 | 0 | _aPhilippe Chambon & Jean Leclerc Pratiques funéraires néolithiques avant 3500 av. J.-C. en France et dans les régions limitrophes. Table ronde SPF, Saint-Germain-en-Laye, 15-17 juin 2001 Paris, Société préhistorique française, 2004, 333 p. (« Mémoire de la SPF » 33) |
| 260 | _c2005. | ||
| 500 | _a88 | ||
| 786 | 0 | _nL'Homme | 174 | 2 | 2005-06-01 | p. 277v-329v | 0439-4216 | |
| 856 | 4 | 1 | _uhttps://shs.cairn.info/revue-l-homme-2005-2-page-277v?lang=fr&redirect-ssocas=7080 |
| 999 |
_c1645968 _d1645968 |
||